Η γελοιογραφία και το δαιμονικό : μορφές και όρια του σατριρικού σκίτσου

Το βιβλίο εξετάζει τη γελοιογραφία που εμπλέκει τις επί αιώνες θεωρούμενες ως πλέον αντιπροσωπευτικές απεικονίσεις του κακού -τους δαίμονες. Το βιβλίο εξετάζει τις θεωρητικές βάσεις, στις οποίες στηρίζεται η γελοιογραφική δαιμονοποίηση και, επί πλέον, επιχειρεί μια στοχαστική ιστορική περιδιάβαση σ...

Full description

Saved in:
Bibliographic Details
Main Author: Πασχάλης, Βασίλης Α.
Format: Book
Language:Greek
Published: Αθήνα : Ιδίοις αναλώμασιν, [2006]
Subjects:
Tags: Add Tag
No Tags, Be the first to tag this record!

MARC

LEADER 00000cam a2200000 i 4500
001 1/53297
008 140820s2006 gre d
020 |a 978-960-631-776-7 
035 |l 10118654 
040 |a GR-MY-UA  |b gre  |e aacr 
041 0 |a gre 
082 0 |a 704.948  |2 (23) 
100 1 |a Πασχάλης, Βασίλης Α. 
245 1 2 |a Η γελοιογραφία και το δαιμονικό :  |b μορφές και όρια του σατριρικού σκίτσου /  |c Βασίλης Α. Πασχάλης 
260 |a Αθήνα :   |b Ιδίοις αναλώμασιν,   |c [2006] 
300 |a 314 σ.;  |c 24 εκ. 
520 |a Το βιβλίο εξετάζει τη γελοιογραφία που εμπλέκει τις επί αιώνες θεωρούμενες ως πλέον αντιπροσωπευτικές απεικονίσεις του κακού -τους δαίμονες. Το βιβλίο εξετάζει τις θεωρητικές βάσεις, στις οποίες στηρίζεται η γελοιογραφική δαιμονοποίηση και, επί πλέον, επιχειρεί μια στοχαστική ιστορική περιδιάβαση στις απεικονίσεις των γελοιογραφικών δαιμόνων από τη Μεταρρύθμιση και τις ρίζες της, έως τη σχεδόν πρόσφατη εποχή. Ψηλαφά την έννοια του χιούμορ μέσα στο πλαίσιο αυτό, καθώς και τις δυνατότητες που προσφέρει η γελοιώδης "παραμόρφωση", και εξετάζει τις συναφείς επικράτειες του γκροτέσκου και του μακάβριου, ώστε να γίνει ορατό το πεδίο μέσα στο οποίο αναπτύσσεται η ιδιότυπη αυτή μίξη σάτιρας και επιθετικού ονειδισμού. -- [οπισθόφυλλο] 
650 0 0 |a Demonology. 
650 0 0 |a Wit and humor. 
650 0 0 |a Devil  |x Folklore. 
650 0 0 |a Devil in art. 
650 0 0 |a Devil  |x Caricatures and cartoons. 
852 |a INST  |b LESVOS  |e 20140820  |h 704.948 ΠΑΣ  |p 005100054837  |q 005100054837  |t BK  |y 0 
901 |a BIBL1-2014-2 
909 |a Λ  |b 190153 
970 |a ΤΖΑΦΕΡΗ  |b ΕΥΑΓΓΕΛΙΑ  |z 2014/08/20